| 000 | 00384 a2200145 4500 | ||
|---|---|---|---|
| 020 | _a8186830693 | ||
| 040 |
_aDLC _bDLC |
||
| 082 | _a423 | ||
| 245 |
_aCrossword dictionary _cPentagon. |
||
| 260 |
_aNew Delhi : _bPentagon Press, _cc2004. |
||
| 300 |
_a835 p. : _c20 cm. |
||
| 440 | _aPentagon's reference library | ||
| 650 |
_aEnglish language _xDictionaries. |
||
| 942 |
_cBK _k423 PEN _2ddc |
||
| 999 |
_c4806 _d4806 |
||